| 000 | 00466nam a22001697a 4500 | ||
|---|---|---|---|
| 005 | 20250115154249.0 | ||
| 008 | 250107b |||||||| |||| 00| 0 eng d | ||
| 020 | _a978-81-89966-45-6 | ||
| 041 | _aEnglish | ||
| 082 | _aC 004 CLE DB1322 | ||
| 100 |
_aClement I _9119826 |
||
| 245 | _aHealth/Nursing Informatics & Technology for BSc Nursing Students | ||
| 260 |
_aHyderabad _bFrontline Publications _c2024 |
||
| 300 | _a252p | ||
| 365 | _bRs. 450 | ||
| 942 | _cDB | ||
| 999 |
_c362469 _d362469 |
||